00772nam a2200217 a 4500001000400000003001000004005001700014008004100031020001800072040002500090080001600115100004200131245011000173250001100283260003500294300002700329490003400356650006600390650006700456830003100523563BR-CuiBMT20231129142952.0231109s2013 spba 000 0 por d a9788502199026 aBR-CuiBMTcBR-CuiBMT 22013a349.21 aBasile, César Reinaldo Offa,d1976-10aProcesso do trabalho :bjustiça do trabalho e dissídios trabalhistas /cCésar Reinaldo Offa Basile. a3. ed. aSão Paulo :bSaraiva,c2013. a252 p. :bil. ;c21 cm1 aSinopses jurídicas ;vv. 31 aJustiça do trabalhovSínteses, compêndios, etc.zBrasil aDissídio trabalhistavSínteses, compêndios, etc.zBrasil 0aSinopses jurídicas ;v31